Регионална библиотека "Любен Каравелов" - Русе

Приказки на балканските народи (Запис номер 141192)

MARC детайли
000 -Лидер
Контролно поле с фиксирана дължина 01560nam a2200337 c 4500
003 - Код на организацията, давaща контролен номер
Контролно поле BLK
005 - Дата и час на последна редакция
Контролно поле 20240710005454.0
008 - Елементи от данни с фиксирана дължина
fixed length control field 180409b bul|||||r ||||||| ||bul||
010 ## - Наследен системен номер
LC control number KNG00147262000
040 ## - Източник на каталожния запис
Идентификатор на билиотеката - собственик на записа BLK
041 ## - Код за език
Код за езика на текст/звукозапис или на отделно заглавие Български
Код за езика КДБФ Български
080 ## - УДК
Текстов определител УДК Българска литература
УДК код - определител по УДК 821.163.2
УДК определител -93-34
УДК - код + определител 821.163.2-93-34
139 ## - Редно поле
Редна дума Каралийчев, Ангел Иванов и др.
Авторски знак Карал - К 33
245 10 - Сведения за заглавието
Заглавие Приказки на балканските народи
Подзаглавни данни В 4 т.
Редно поле (дума) преразк. Ангел Иванов Каралийчев; преразк. Николай П. Тодоров; худож. Стоимен Стоилов.
Том Т. 1
Заглавие на том Силян Щърка
250 ## - Област на изданието
Сведения за изданието 3. изд.
257 ## - Страна на издаване
Страна на създаване/издаване България
260 ## - Област на издателските данни
-- София
Име на издателя, разпространителя и проч. Бълг. художник
Година на издаване 1990
300 ## - Физическа характеристика
Размери/Мащаб 24 см
380 ## - Жанр
Жанр Детска худож. лит.
500 ## - Общи забележки
Забележка Авт. не са отбелязани на кор.
700 1# - Други автори (авторска отговорност)
Лично име Каралийчев, Ангел Иванов
Дати, свързани с автора 1902-1972
Автороска отговорност (Описва отношението между автора и произведението) преразк.
9 (RLIN) 76702
700 1# - Други автори (авторска отговорност)
Лично име Тодоров, Николай П.
Автороска отговорност (Описва отношението между автора и произведението) преразк.
9 (RLIN) 379495
700 ## - Други автори (авторска отговорност)
Лично име Стоилов, Стоимен Иванов
Дати, свързани с автора 1944-
Друга информация Български график и живописец
9 (RLIN) 374518
760 1# - Описание на основната серия
Издание 3. изд.
Място на издаване, издател и година 1990
Страници - том 192 с. : с цв. ил.
Забележка - том 1. изд. 1979. - 100 090 тир.
Заглавие Т. 1 Силян Щърка
852 ## - Местоположение
Форматна сигнатура Цб 261376
856 4# - Електронен адрес и достъп
Електронен формат pdf - файл
Път до файла /url/
856 4# - Електронен адрес и достъп
Електронен формат pdf - файл
Път до файла /url/
942 ## - АРТИКУЛИ
Вид на библиотечния материал Книги
Скрит в OPAC Не
Koha issues (borrowed), all copies 1
944 ## - СЪЗДАВАНЕ И РЕДАКЦИЯ на ЗАПИСА
Създаване/Редакция Създаване
Дата на регистрацията/редакция 25.07.2013
Статус, дата на статуса CRON CRON
Служител, извършил регистрацията/редакцията
944 ## - СЪЗДАВАНЕ И РЕДАКЦИЯ на ЗАПИСА
Създаване/Редакция Редакция
Дата на регистрацията/редакция 28.09.2017
Статус, дата на статуса 25.07.2013 - от С1,Р / 25.07.2013
Служител, извършил регистрацията/редакцията Кети_Илиева
999 ## - СИСТЕМНИ КОНТРОЛНИ НОМЕРА
Koha biblionumber 141192
Koha biblioitemnumber 141192
Наличности
Код за отписване Код за изгубен артикул Източник на класификационната схема Код за повреда Коз за рестрикции Код за отдаване Артикулен № Име на библиотеката - собственик Име на библиотеката, в която се намира в момента Статус (Текущо местоположение) Дата на вписване в системата Местоположение - отдел Цена в лева Инвентарен номер Систематично азбучна сигнатура Баркод Номер на екземпляра Цена в евро Служебна бележка Служебен тип на артикула Бележка за публиката
  Не е изгубен Universal Decimal Classification Не е повреден без рестрикции ползва се в читалня 232282 Регионална библиотека "Любен Каравелов" Русе Регионална библиотека "Любен Каравелов" Русе Хранилище 1990-01-01 Хранилище 2.00 537631 Цб 261376 120000537631 1 1.02 Вид: Сф N: стар фонд Дата: 01.01.1990 Книги  
Изтеглен Не е изгубен   Не е повреден без рестрикции заемане за дома 232283 Регионална библиотека "Любен Каравелов" Русе Регионална библиотека "Любен Каравелов" Русе   1990-01-01 Детски отдел 2.00 538639 ДХ 886.7/К 33 538639 2 1.02 Вид: Сф N: стар фонд Дата: 01.01.1990 Дата инв: 03.11.2015 Бележки инв: Д2015 Книги Отч.N: 41/2017 , Дата: 08.09.2017
Изтеглен Не е изгубен Universal Decimal Classification Не е повреден без рестрикции заемане за дома 232284 Регионална библиотека "Любен Каравелов" Русе Регионална библиотека "Любен Каравелов" Русе Детски отдел 1990-01-01 Детски отдел 2.00 538647 ДХ 886.7/К 33 538647 3 1.02 Вид: Сф N: стар фонд Дата: 01.01.1990 Дата инв: 03.11.2015 Бележки инв: Д2015 Книги  
Vip Innovations Ltd, Rousse, Bulgaria 2025